000 01113nac a22004450a 4500
001 PT54328
003 AR-LpoUNG
005 20210201005528.0
008 201001s1994||||sp |||||||||||||||||spa d
020 _a8475836453
_c$28
040 _aAR-LpoUNG
_bspa
_eaacr
041 _aspa
044 _asp
082 0 _aR909 794pue-v2
100 1 _aLange, Nicholas de
245 1 3 _aEl pueblo judío :
_bodisea a través de los siglos
260 _aBarcelona :
_bFolio,
_c[1994].
300 _a[115] p. :
_bil., mapas, gráfs., fot.
_3Impreso
490 0 _aAtlas culturales del mundo
650 4 _aAFRICA
650 4 _aAMERICA LATINA
650 4 _aANALISIS HISTORICO
650 4 _aASIA
650 4 _aATLAS
650 4 _aCIVILIZACION
650 4 _aCULTURA
650 4 _aESTADOS UNIDOS
650 4 _aEUROPA
650 4 _aFACTORES CULTURALES
650 4 _aHISTORIA
650 4 _aINMIGRACION
650 4 _aJUDAISMO
650 4 _aJUDIOS
650 4 _aLENGUA YIDDISH
650 4 _aMATERIAL DE REFERENCIA
650 4 _aRELIGION
651 4 _aMundial
905 _a54328
942 _cLSALA
999 _c50071
_d50071